[Event "TUR-ch U13/18 Girls"]
[Site "Antalya"]
[Date "2023.01.22"]
[Round "1"]
[White "Baspinar, Dila"]
[Black "Mustu, Hatice Asli"]
[Result "0-1"]
[WhiteElo "1352"]
[BlackElo "1903"]
[PlyCount "54"]
[EventDate "2023.01.17"]
[EventType "swiss"]
[EventRounds "9"]
[EventCountry "TUR"]
[SourceTitle "EXT 2024"]
[Source "ChessBase"]
[SourceDate "2023.10.10"]
[SourceVersion "1"]
[SourceVersionDate "2023.10.10"]
[SourceQuality "1"]

1. e4 c5 2. Nf3 Nc6 3. c3 Nf6 4. e5 Nd5 5. d4 cxd4 6. cxd4 e6 7. a3 d6 8. exd6 Bxd6 9. Bc4 0-0 10. 0-0 b6 11. Be3 Bb7 12. Ba2 Rc8 13. Nc3 Nxc3 14. bxc3 Na5 15. Bd2 Nc4 16. Bxc4 Rxc4 17. Ng5 h6 18. Nh3 e5 19. dxe5 Bxe5 20. Qe2 Re4 21. Be3 Bxc3 22. Rad1 Qe7 23. Qd3 Bf6 24. Qb3 Be5 25. Kh1 Bb8 26. Rde1 Re8 27. Bd2 Qd6 0-1